Organic synthesis via examination of selected natural products / (Record no. 49791)
[ view plain ]
| 000 -LEADER | |
|---|---|
| fixed length control field | 03191nam a2200349 a 4500 |
| 003 - CONTROL NUMBER IDENTIFIER | |
| control field | WSP |
| 005 - DATE AND TIME OF LATEST TRANSACTION | |
| control field | 20260416153417.0 |
| 008 - FIXED-LENGTH DATA ELEMENTS--GENERAL INFORMATION | |
| fixed length control field | 110527s2011 si a sb 001 0 eng d |
| 020 ## - INTERNATIONAL STANDARD BOOK NUMBER | |
| International Standard Book Number | 9789814313711 (electronic bk.) |
| 020 ## - INTERNATIONAL STANDARD BOOK NUMBER | |
| Cancelled/invalid ISBN | 981431370X |
| 020 ## - INTERNATIONAL STANDARD BOOK NUMBER | |
| Cancelled/invalid ISBN | 9789814313704 |
| 082 04 - DEWEY DECIMAL CLASSIFICATION NUMBER | |
| Classification number | 547.2 |
| Edition number | 22 |
| 100 1# - MAIN ENTRY--PERSONAL NAME | |
| Personal name | Hart, David J. |
| 245 10 - TITLE STATEMENT | |
| Title | Organic synthesis via examination of selected natural products / |
| Statement of responsibility, etc | David J. Hart. |
| 260 ## - PUBLICATION, DISTRIBUTION, ETC. (IMPRINT) | |
| Place of publication, distribution, etc | Singapore ; |
| -- | Hackensack, N.J. : |
| Name of publisher, distributor, etc | World Scientific Pub. Co., |
| Date of publication, distribution, etc | c2011. |
| 300 ## - PHYSICAL DESCRIPTION | |
| Extent | x, 578 p. : |
| Other physical details | ill. |
| 505 0# - FORMATTED CONTENTS NOTE | |
| Contents | ch. 1. Introduction -- ch. 2. Steroids -- ch. 3. Prostaglandins -- ch. 4. Pyrrolizidine alkaloids -- ch. 5. Juvabione and the vicinal stereochemistry problem -- ch. 6. Functional group reactivity patterns and difunctional relationships -- ch. 7. Some unnatural products - Twistane and Triquinacene -- ch. 8. Alkaloids - Difunctional relationships and the importance of the Mannich reaction -- ch. 9. Alkaloids from "dart-poison" frogs -- ch. 10. Morphine and oxidative phenolic coupling -- ch. 11. Olefin synthesis and Cecropia juvenile hormone -- ch. 12. A recent example of structure determination through total synthesis and convergent syntheses : Lasonolide A -- ch. 13. Ionophores : Calcimycin -- ch. 14. Erythromycin A Aglycone. |
| 520 ## - SUMMARY, ETC. | |
| Summary, etc | This book is written for advanced graduate and undergraduate students to expose them to a variety of strategies for the synthesis of organic compounds. This is done largely within the context of natural products synthesis, but some unnatural products synthesis is also included. Multiple approaches to each group of synthesis targets are presented, and the approaches are compared with one another with an eye on similarities and differences. General problems in organic synthesis (for example, strategies for the preparation of 6-membered rings and 5-membered rings, the importance of oxidation state, the problem of acyclic diastereoselectivity, the problem of controlling absolute stereochemistry, the importance of functional group relationships) are introduced early in the book and revisited throughout the text within the context of a variety of structurally unrelated natural products. The book provides readers with a somewhat historical overview of organic and natural products chemistry, and spans synthetic methodology that dates from the 1940's to the present time. It is written in a style that readers will find entertaining at times. It also contains lots of useful references with complete titles provided. |
| 650 #0 - SUBJECT ADDED ENTRY--TOPICAL TERM | |
| Topical term or geographic name as entry element | Organic compounds |
| 856 40 - ELECTRONIC LOCATION AND ACCESS | |
| Uniform Resource Identifier | <a href="http://www.worldscientific.com/worldscibooks/10.1142/7815#t=toc">http://www.worldscientific.com/worldscibooks/10.1142/7815#t=toc</a> |
| 942 ## - ADDED ENTRY ELEMENTS (KOHA) | |
| Koha item type | Electronic Books |
| 504 ## - BIBLIOGRAPHY, ETC. NOTE | |
| Bibliography, etc | Includes bibliographical references and index. |
| 533 ## - REPRODUCTION NOTE | |
| Type of reproduction | Electronic reproduction. |
| Place of reproduction | Singapore : |
| Agency responsible for reproduction | World Scientific Publishing Co., |
| Date of reproduction | 2011. |
| Note about reproduction | System requirements: Adobe Acrobat Reader. |
| -- | Mode of access: World Wide Web. |
| -- | Available to subscribing institutions. |
| 650 #0 - SUBJECT ADDED ENTRY--TOPICAL TERM | |
| General subdivision | Synthesis. |
| 655 #0 - INDEX TERM--GENRE/FORM | |
| Genre/form data or focus term | Electronic books. |
| 710 2# - ADDED ENTRY--CORPORATE NAME | |
| Corporate name or jurisdiction name as entry element | World Scientific (Firm) |
| 776 1# - ADDITIONAL PHYSICAL FORM ENTRY | |
| International Standard Book Number | 981431370X |
| 776 1# - ADDITIONAL PHYSICAL FORM ENTRY | |
| International Standard Book Number | 9789814313704 |
| Withdrawn status | Lost status | Source of classification or shelving scheme | Damaged status | Not for loan | Home library | Location | Date of Cataloging | Total Checkouts | Full call number | Barcode | Date last seen | Uniform Resource Identifier | Price effective from | Koha item type |
|---|---|---|---|---|---|---|---|---|---|---|---|---|---|---|
| Dewey Decimal Classification | CUTN Central Library | CUTN Central Library | 16/04/2026 | 547.2 | EB04981 | 16/04/2026 | https://doi.org/10.1142/7815 | 16/04/2026 | Electronic Books |
